| 000 | 00600 a2200169 4500 | ||
|---|---|---|---|
| 020 | _a9810237790 | ||
| 020 | _a9789810237790 | ||
| 082 | _a539.7523 | ||
| 090 |
_c1244 _d1244 |
||
| 100 | _aKlapdor-Kleingrothaus, H. V. | ||
| 245 | 1 | 0 |
_a60 years of double beta decay / _cH. V. Klapdor-Kleingrothaus. |
| 260 |
_a[S.l.] : _bWorld Scientific Pub Co Inc, _c2001. |
||
| 300 |
_a316 p. ; _c27 cm. |
||
| 700 | 1 | _aKlapdor-Kleingrothaus, H. V. | |
| 942 |
_aSNS _cBK _k539.7523 KLA |
||
| 999 |
_c29857 _d29857 |
||